[Event "ESP-ch U16 rapid"]
[Site "Salobrena"]
[Date "2023.07.30"]
[Round "5"]
[White "Arce Gonzalez, Dario"]
[Black "Gomez Salva, Roberto"]
[Result "1/2-1/2"]
[WhiteElo "1800"]
[BlackElo "1641"]
[PlyCount "56"]
[EventDate "2023.07.29"]
[EventType "swiss (rapid)"]
[EventRounds "9"]
[EventCountry "ESP"]
[SourceTitle "EXT 2024"]
[Source "ChessBase"]
[SourceDate "2023.10.10"]
[SourceVersion "1"]
[SourceVersionDate "2023.10.10"]
[SourceQuality "1"]

1. d4 Nf6 2. Nf3 e6 3. g3 c5 4. c4 Nc6 5. Bg2 d5 6. cxd5 exd5 7. 0-0 Be6 8. Nc3 Rc8 9. h3 cxd4 10. Nxd4 Nxd4 11. Qxd4 Bc5 12. Qa4+ Bd7 13. Qd1 Bc6 14. Bg5 d4 15. Bxc6+ Rxc6 16. Ne4 Be7 17. Bxf6 Bxf6 18. Nxf6+ Qxf6 19. Qb3 0-0 20. Qxb7 Rb6 21. Qxa7 Rxb2 22. Rfe1 h6 23. Rad1 Rd8 24. a4 Qe5 25. a5 Rxe2 26. Rxe2 Qxe2 27. Rxd4 Rxd4 28. Qxd4 Qe1+ 1/2-1/2

[Event "ESP-ch U16 rapid"]
[Site "Salobrena"]
[Date "2023.07.30"]
[Round "9"]
[White "Arce Gonzalez, Dario"]
[Black "Salord Guillen, Joan"]
[Result "1/2-1/2"]
[WhiteElo "1800"]
[BlackElo "1561"]
[PlyCount "82"]
[EventDate "2023.07.29"]
[EventType "swiss (rapid)"]
[EventRounds "9"]
[EventCountry "ESP"]
[SourceTitle "EXT 2024"]
[Source "ChessBase"]
[SourceDate "2023.10.10"]
[SourceVersion "1"]
[SourceVersionDate "2023.10.10"]
[SourceQuality "1"]

1. e4 c5 2. Nf3 d6 3. Bb5+ Bd7 4. Bxd7+ Qxd7 5. 0-0 Nc6 6. c3 Nf6 7. Re1 e6 8. d4 cxd4 9. cxd4 d5 10. e5 Ne4 11. a3 Be7 12. Qd3 Rc8 13. Nbd2 Nxd2 14. Bxd2 a6 15. h4 b5 16. g3 0-0 17. Ng5 Bxg5 18. hxg5 Qa7 19. Bc3 Qe7 20. f4 g6 21. Kg2 b4 22. axb4 Nxb4 23. Qd2 Nc6 24. Rxa6 Qb7 25. Raa1 Ra8 26. Rh1 Rxa1 27. Rxa1 Ra8 28. Qd1 Ne7 29. g4 Nc8 30. Rxa8 Qxa8 31. Qb3 Qa6 32. Qc2 Qc4 33. Kf2 Ne7 34. Qe2 Qa4 35. Ke1 Qa1+ 36. Qd1 Qa2 37. Kd2 Qc4 38. Qe2 Qa4 39. Qd1 Qa2 40. Qf1 Qa4 41. Qd1 Qa2 1/2-1/2

[Event "Madrid Alcorcon op 1st"]
[Site "Madrid"]
[Date "2022.12.29"]
[Round "7"]
[White "Arce Gonzalez, Dario"]
[Black "Vinas Blasco, Jorge"]
[Result "0-1"]
[WhiteElo "2035"]
[BlackElo "1835"]
[PlyCount "52"]
[EventDate "2022.12.26"]
[EventType "swiss"]
[EventRounds "9"]
[EventCountry "ESP"]
[SourceTitle "CBM 212 Extra"]
[Source "ChessBase"]
[SourceDate "2023.03.31"]
[SourceVersion "1"]
[SourceVersionDate "2023.03.31"]
[SourceQuality "1"]

1. e4 e6 2. d4 d5 3. Nc3 dxe4 4. Nxe4 Bd7 5. Nf3 Bc6 6. Neg5 Bd6 7. Nxf7 Kxf7 8. Ng5+ Ke7 9. Bc4 Bd7 10. 0-0 Nf6 11. Nxe6 Bxe6 12. Re1 Re8 13. Bxe6 Kf8 14. f4 c6 15. Bd2 Na6 16. Bc4 Nc7 17. Qf3 Rxe1+ 18. Rxe1 Qd7 19. h3 Re8 20. Rf1 Qf5 21. c3 Qe4 22. Qd1 Ncd5 23. Bc1 Nxf4 24. Qd2 Ne2+ 25. Bxe2 Qxe2 26. Qg5 Bh2+ 0-1

[Event "Madrid Alcorcon op 1st"]
[Site "Madrid"]
[Date "2022.12.27"]
[Round "3"]
[White "Sierra Pena, Mario"]
[Black "Arce Gonzalez, Dario"]
[Result "1/2-1/2"]
[WhiteElo "1580"]
[BlackElo "2035"]
[PlyCount "65"]
[EventDate "2022.12.26"]
[EventType "swiss"]
[EventRounds "9"]
[EventCountry "ESP"]
[SourceTitle "CBM 212 Extra"]
[Source "ChessBase"]
[SourceDate "2023.03.31"]
[SourceVersion "1"]
[SourceVersionDate "2023.03.31"]
[SourceQuality "1"]

1. c4 e6 2. Nf3 d5 3. g3 Nf6 4. Bg2 Be7 5. 0-0 0-0 6. b3 Nbd7 7. Bb2 c6 8. cxd5 exd5 9. d3 Re8 10. Nbd2 Bc5 11. Rc1 Bb6 12. Nd4 Ne5 13. N2f3 Qd6 14. Qd2 Nxf3+ 15. Nxf3 Bg4 16. Qg5 h6 17. Qh4 d4 18. Rfe1 Rad8 19. h3 Bf5 20. g4 Bg6 21. Rc4 Ba5 22. Rxd4 Qc7 23. Rxd8 Qxd8 24. Bxf6 Qxf6 25. Qxf6 gxf6 26. b4 Bxb4 27. Rb1 Bc5 28. Kf1 Re7 29. Nd2 Kg7 30. Nc4 Rd7 31. Ke1 Re7 32. Kf1 Rd7 33. Ke1 1/2-1/2

[Event "ESP-ch U14"]
[Site "Salobrena"]
[Date "2022.07.20"]
[Round "4"]
[White "Arce Gonzalez, Dario"]
[Black "Horcajuelo Rocamora, Martin"]
[Result "0-1"]
[WhiteElo "1876"]
[BlackElo "2107"]
[PlyCount "118"]
[EventDate "2022.07.18"]
[EventType "swiss"]
[EventRounds "9"]
[EventCountry "ESP"]
[SourceTitle "EXT 2023"]
[Source "ChessBase"]
[SourceDate "2022.10.05"]
[SourceVersion "1"]
[SourceVersionDate "2022.10.05"]
[SourceQuality "1"]

1. e4 c5 2. c3 Nf6 3. e5 Nd5 4. d4 cxd4 5. Nf3 Nc6 6. cxd4 d6 7. Bc4 Nb6 8. Bb5 dxe5 9. Nxe5 Bd7 10. Nxd7 Qxd7 11. 0-0 e6 12. Nc3 Be7 13. Qf3 a6 14. Bxc6 Qxc6 15. Qxc6+ bxc6 16. Be3 Kd7 17. Rac1 a5 18. Ne4 Nd5 19. Nc5+ Bxc5 20. dxc5 Rhb8 21. Rc2 a4 22. Rd1 Ke7 23. a3 Rb3 24. Bc1 Ra5 25. Rd4 Rbb5 26. Rdc4 g6 27. g3 f6 28. Kf1 e5 29. Bd2 Ra7 30. Ke2 Ke6 31. f3 h5 32. Kf2 Rb3 33. Ke2 Ne7 34. Rb4 Rxb4 35. axb4 Rb7 36. Kd3 Nd5 37. Kc4 Nc7 38. Rc1 Nb5 39. Ra1 Ra7 40. Be3 a3 41. bxa3 Rxa3 42. Rxa3 Nxa3+ 43. Kd3 Kd5 44. Bc1 Nb5 45. Bb2 f5 46. h3 Nc7 47. Bc1 Ne6 48. Be3 g5 49. g4 hxg4 50. hxg4 f4 51. Bf2 Nd4 52. Bxd4 exd4 53. b5 cxb5 54. c6 Kxc6 55. Kxd4 Kb6 56. Kc3 Kc5 57. Kb3 Kd4 58. Kb4 Ke3 59. Kxb5 Kxf3 0-1

[Event "ESP-ch U14"]
[Site "Salobrena"]
[Date "2022.07.19"]
[Round "3"]
[White "Gil Jimenez, Ruben"]
[Black "Arce Gonzalez, Dario"]
[Result "0-1"]
[WhiteElo "1675"]
[BlackElo "1876"]
[PlyCount "120"]
[EventDate "2022.07.18"]
[EventType "swiss"]
[EventRounds "9"]
[EventCountry "ESP"]
[SourceTitle "EXT 2023"]
[Source "ChessBase"]
[SourceDate "2022.10.05"]
[SourceVersion "1"]
[SourceVersionDate "2022.10.05"]
[SourceQuality "1"]

1. d4 d5 2. Nf3 Nf6 3. g3 Bf5 4. Bg2 e6 5. 0-0 Be7 6. c4 c6 7. Nc3 h6 8. Qb3 Qc8 9. Nd2 0-0 10. e4 dxe4 11. Ndxe4 Nbd7 12. h3 Rd8 13. Rd1 Qc7 14. Bf4 Qb6 15. Qxb6 Nxb6 16. b3 Nbd7 17. Nd6 Bxd6 18. Bxd6 Nb6 19. Be5 Rac8 20. g4 Bg6 21. Bf3 Rd7 22. Rd2 Rcd8 23. Rad1 Ne8 24. Bf4 f6 25. Be4 Bf7 26. Kg2 Nc8 27. Na4 e5 28. dxe5 Rxd2 29. Rxd2 Rxd2 30. Bxd2 fxe5 31. Nc5 Ncd6 32. Bc2 b5 33. cxb5 Bd5+ 34. f3 Nxb5 35. Bd3 Nd4 36. Be4 Nf6 37. Kf2 Bxe4 38. fxe4 Kf7 39. Bc3 Ne6 40. Nxe6 Kxe6 41. Ke3 Nd7 42. Bb4 g6 43. a3 a6 44. Kd3 Kf6 45. Ke3 Ke6 46. Kd3 Nf6 47. Ke3 Ne8 48. Kd3 Nc7 49. a4 Ne8 50. Kc4 Nf6 51. Kd3 Nd7 52. Ke3 Kf6 53. Kd3 Kg5 54. Be7+ Kf4 55. b4 Kg3 56. g5 h5 57. Ke3 Kh4 58. Kf3 Kxh3 59. Bf6 Kh4 60. Be7 Nb6 0-1

[Event "ESP-ch U14"]
[Site "Salobrena"]
[Date "2022.07.18"]
[Round "2"]
[White "Arce Gonzalez, Dario"]
[Black "Cereijo Suarez, Nerea"]
[Result "1-0"]
[WhiteElo "1876"]
[BlackElo "1639"]
[PlyCount "69"]
[EventDate "2022.07.18"]
[EventType "swiss"]
[EventRounds "9"]
[EventCountry "ESP"]
[SourceTitle "EXT 2023"]
[Source "ChessBase"]
[SourceDate "2022.10.05"]
[SourceVersion "1"]
[SourceVersionDate "2022.10.05"]
[SourceQuality "1"]

1. d4 Nf6 2. c4 e6 3. Nf3 Bb4+ 4. Bd2 c5 5. Bxb4 cxb4 6. g3 0-0 7. Bg2 d6 8. 0-0 Nbd7 9. Qb3 a5 10. a3 bxa3 11. Nxa3 e5 12. Nb5 Qb6 13. Qa3 e4 14. Nd2 d5 15. Qd6 dxc4 16. Qxb6 Nxb6 17. Nxe4 Nxe4 18. Bxe4 Rd8 19. e3 a4 20. Rfc1 Rd7 21. Bf3 Re7 22. Nd6 Rc7 23. Rc3 h6 24. Rac1 Ra5 25. Nxc4 Nxc4 26. Rxc4 Rxc4 27. Rxc4 Bh3 28. Rc5 Rxc5 29. dxc5 Bc8 30. Kf1 Kf8 31. Ke2 Ke7 32. Kd3 Kd8 33. Kc4 Kc7 34. Kb4 Bd7 35. Bd1 1-0

[Event "Malaga op 15th"]
[Site "Malaga"]
[Date "2021.10.29"]
[Round "1"]
[White "Perea Fruet, Lorenzo"]
[Black "Arce Gonzalez, Dario"]
[Result "1-0"]
[WhiteElo "2168"]
[BlackElo "1652"]
[PlyCount "162"]
[EventDate "2021.10.29"]
[EventType "swiss"]
[EventRounds "7"]
[EventCountry "ESP"]
[SourceTitle "CBM 204 Extra"]
[Source "ChessBase"]
[SourceDate "2021.11.30"]
[SourceVersion "1"]
[SourceVersionDate "2021.11.30"]
[SourceQuality "1"]

1. e4 e6 2. d4 d5 3. Nd2 dxe4 4. Nxe4 Bd7 5. Nf3 Bc6 6. Bd3 Nd7 7. 0-0 Ngf6 8. Qe2 Nxe4 9. Bxe4 Bxe4 10. Qxe4 c6 11. b3 Nf6 12. Qd3 Be7 13. Bb2 0-0 14. Rad1 Qc7 15. c4 Rfd8 16. Qe2 a5 17. a3 Qb6 18. Rd3 a4 19. b4 Qa6 20. Ne5 b5 21. c5 Nd5 22. Rg3 Qb7 23. Kh1 Bf6 24. Qe4 Rac8 25. Ng4 Qe7 26. Rd1 Bg5 27. Ne5 f5 28. Qe2 Bf4 29. Rgd3 Bxe5 30. Qxe5 Qf6 31. Qg3 Rd7 32. Re1 Rcd8 33. Rd2 Re8 34. Rde2 Rdd8 35. h3 Kh8 36. Re5 Rd7 37. Qf3 g6 38. Bc1 Kg7 39. Qg3 h6 40. f4 Qf7 41. Qf3 Rde7 42. Bb2 Kh7 43. g3 Rc8 44. Qe2 Rce8 45. Kh2 Nf6 46. Qf3 Nd5 47. Kg2 Kg7 48. R1e2 Kh7 49. Kf2 Rc8 50. Ke1 Rce8 51. Kd2 Rc8 52. Kc2 Rd8 53. Kb1 Rc8 54. Ka1 Rd8 55. Rg2 Rde8 56. Bc1 Rd7 57. g4 Ree7 58. Bb2 Re8 59. h4 fxg4 60. Qxg4 h5 61. Qg3 Rg8 62. Bc1 Ne7 63. Bb2 Nf5 64. Qd3 Rd5 65. Qe4 Re8 66. Rg1 Rxe5 67. Qxe5 Nxh4 68. Qe4 Rc8 69. Re1 Rc7 70. Rh1 Nf5 71. Qe5 Rd7 72. d5 Qg7 73. dxc6 Rc7 74. Qxe6 Qe7 75. Qd5 Qe8 76. Qd3 Qxc6 77. Rg1 Qe6 78. Qc3 Rc8 79. Re1 Qd7 80. Qf6 Qd5 81. Re7+ Kh6 1-0

[Event "ESP-ch U14"]
[Site "Salobrena"]
[Date "2021.07.15"]
[Round "6"]
[White "Arce Gonzalez, Dario"]
[Black "Romero Nieto, Hugo"]
[Result "1/2-1/2"]
[WhiteElo "1740"]
[BlackElo "1570"]
[PlyCount "61"]
[EventDate "2021.07.12"]
[EventType "swiss"]
[EventRounds "9"]
[EventCountry "ESP"]
[SourceTitle "EXT 2022"]
[Source "ChessBase"]
[SourceDate "2021.10.06"]
[SourceVersion "1"]
[SourceVersionDate "2021.10.06"]
[SourceQuality "1"]

1. d4 Nf6 2. Nf3 g6 3. g3 Bg7 4. Bg2 d6 5. 0-0 0-0 6. c4 Bf5 7. Nc3 c6 8. Bf4 d5 9. cxd5 Nxd5 10. Nxd5 Qxd5 11. Ne5 Qd8 12. e4 Bc8 13. Rc1 Nd7 14. Nxd7 Bxd7 15. Qd2 Rc8 16. Rfd1 Re8 17. h3 a5 18. Be3 h5 19. b4 Ra8 20. Rb1 Be6 21. bxa5 Qxa5 22. Qxa5 Rxa5 23. Rxb7 Rxa2 24. Rc1 Ra4 25. d5 cxd5 26. exd5 Bc8 27. Rbc7 Ra1 28. Rxa1 Bxa1 29. Bc5 Bf6 30. d6 exd6 31. Bxd6 1/2-1/2

[Event "ESP-ch U12"]
[Site "Salobrena"]
[Date "2020.07.31"]
[Round "8"]
[White "Arce Gonzalez, Dario"]
[Black "Pinyol I Llora, Julia"]
[Result "1-0"]
[WhiteElo "1371"]
[BlackElo "1530"]
[PlyCount "67"]
[EventDate "2020.07.27"]
[EventType "swiss"]
[EventRounds "9"]
[EventCountry "ESP"]
[SourceTitle "EXT 2021"]
[Source "ChessBase"]
[SourceDate "2020.10.23"]
[SourceVersion "1"]
[SourceVersionDate "2020.10.23"]
[SourceQuality "1"]

1. d4 d5 2. Bf4 e6 3. Nf3 Nf6 4. e3 Bd6 5. Bg3 0-0 6. Bd3 c5 7. c3 Qc7 8. Nbd2 Nbd7 9. Bxd6 Qxd6 10. 0-0 e5 11. dxe5 Nxe5 12. Nxe5 Qxe5 13. Qc2 h6 14. e4 Rd8 15. Nf3 Qc7 16. exd5 Nxd5 17. Rfe1 Be6 18. Rad1 a6 19. a4 Bg4 20. Be2 Nf4 21. h3 Bh5 22. Kh1 Re8 23. Ng1 Bg6 24. Qb3 Re7 25. g3 Be4+ 26. Kh2 Ng6 27. Bf3 Bxf3 28. Nxf3 Rae8 29. Rxe7 Rxe7 30. Qc2 Qc6 31. Rd8+ Kh7 32. Qd1 Qe6 33. Ng5+ hxg5 34. Qh5# 1-0

[Event "ESP-ch U12"]
[Site "Salobrena"]
[Date "2020.07.31"]
[Round "7"]
[White "Oubina Pazos, Ricardo"]
[Black "Arce Gonzalez, Dario"]
[Result "0-1"]
[WhiteElo "1221"]
[BlackElo "1371"]
[PlyCount "60"]
[EventDate "2020.07.27"]
[EventType "swiss"]
[EventRounds "9"]
[EventCountry "ESP"]
[SourceTitle "EXT 2021"]
[Source "ChessBase"]
[SourceDate "2020.10.23"]
[SourceVersion "1"]
[SourceVersionDate "2020.10.23"]
[SourceQuality "1"]

1. Nf3 d5 2. d4 Nf6 3. c4 c6 4. e3 Bf5 5. Nc3 e6 6. a3 Bd6 7. Nh4 Bg4 8. Nf3 Nbd7 9. Bd3 0-0 10. h3 Bh5 11. b4 dxc4 12. Bxc4 e5 13. g4 Bg6 14. dxe5 Nxe5 15. Nxe5 Bxe5 16. Bb2 Ne4 17. Qc1 Qf6 18. Nxe4 Bxe4 19. Bxe5 Qxe5 20. Rg1 Rad8 21. f4 Qf6 22. Ke2 Qh4 23. Qf1 b5 24. Bxf7+ Rxf7 25. Qc1 Qxh3 26. Qc3 Qh2+ 27. Kf1 Rd2 28. Qxd2 Qxd2 29. Re1 Bd3+ 30. Re2 Qxe2# 0-1

[Event "ESP-ch U12"]
[Site "Salobrena"]
[Date "2020.07.29"]
[Round "4"]
[White "Arce Gonzalez, Dario"]
[Black "Marcos Rodriguez, Raul"]
[Result "1/2-1/2"]
[WhiteElo "1371"]
[BlackElo "1529"]
[PlyCount "77"]
[EventDate "2020.07.27"]
[EventType "swiss"]
[EventRounds "9"]
[EventCountry "ESP"]
[SourceTitle "EXT 2021"]
[Source "ChessBase"]
[SourceDate "2020.10.23"]
[SourceVersion "1"]
[SourceVersionDate "2020.10.23"]
[SourceQuality "1"]

1. d4 d5 2. Bf4 c5 3. c3 Nc6 4. e3 Nf6 5. h3 Qb6 6. Qb3 c4 7. Qxb6 axb6 8. Nd2 g6 9. g4 Be6 10. Bg2 Bg7 11. Ne2 0-0 12. 0-0 b5 13. a3 Nd7 14. e4 dxe4 15. Nxe4 Bd5 16. Rad1 Nb6 17. Nc5 Bxg2 18. Kxg2 Na4 19. Nxa4 bxa4 20. Rfe1 Rad8 21. Ng3 e5 22. dxe5 Rxd1 23. Rxd1 Bxe5 24. Bxe5 Nxe5 25. Ne4 Nd3 26. Rd2 f5 27. Nd6 b5 28. Nxb5 fxg4 29. hxg4 Rb8 30. Nd6 Nxb2 31. Kf3 Kf8 32. Kf4 Nd3+ 33. Ke4 Nc5+ 34. Kf4 Rb3 35. Re2 Nd3+ 36. Kg5 Rb6 37. Re8+ Kg7 38. Re7+ Kf8 39. Re8+ 1/2-1/2

[Event "ESP-ch U12"]
[Site "Salobrena"]
[Date "2020.07.29"]
[Round "5"]
[White "Moreno Burillo, Marcos Antonio"]
[Black "Arce Gonzalez, Dario"]
[Result "1/2-1/2"]
[WhiteElo "1581"]
[BlackElo "1371"]
[PlyCount "133"]
[EventDate "2020.07.27"]
[EventType "swiss"]
[EventRounds "9"]
[EventCountry "ESP"]
[SourceTitle "EXT 2021"]
[Source "ChessBase"]
[SourceDate "2020.10.23"]
[SourceVersion "1"]
[SourceVersionDate "2020.10.23"]
[SourceQuality "1"]

1. d4 d5 2. c4 c6 3. cxd5 cxd5 4. Bg5 Qb6 5. Nc3 e6 6. Qd2 Nc6 7. e3 Bd7 8. Bd3 Bd6 9. Nge2 a6 10. a3 Qc7 11. Rc1 Nge7 12. Bf4 0-0 13. 0-0 Rac8 14. Na4 Bxf4 15. Nxf4 Qa5 16. Qxa5 Nxa5 17. Nc5 Rc7 18. Nxd7 Rxd7 19. Rc3 Rc8 20. Rfc1 Rdd8 21. g3 g6 22. b4 Nac6 23. Ne2 Nb8 24. Rc7 Rxc7 25. Rxc7 Rd7 26. Rxd7 Nxd7 27. Nc3 b5 28. Kf1 Kf8 29. Ke2 Nc6 30. Kd2 Ke7 31. Kc2 Nb6 32. Kb3 Nc4 33. a4 Na7 34. e4 Kd6 35. f4 f5 36. exf5 exf5 37. axb5 Nxb5 38. Nxb5+ axb5 39. Kc3 Ke6 40. h3 h5 41. Be2 Kf6 42. g4 hxg4 43. hxg4 g5 44. gxf5 Kxf5 45. fxg5 Kxg5 46. Bf3 Nb6 47. Bg2 Kf5 48. Bf1 Nc4 49. Bh3+ Kf6 50. Bd7 Nd6 51. Bc6 Ke6 52. Kd3 Nc4 53. Bxb5 Nb6 54. Bc6 Kd6 55. b5 Ke6 56. Kc3 Kf5 57. Be8 Kf4 58. Bg6 Kg5 59. Bc2 Kf4 60. Kb4 Nd7 61. Bb3 Ke4 62. Kc3 Nb6 63. Bc2+ Kf4 64. Kd3 Kf3 65. Bb3 Kf4 66. Kc3 Ke4 67. Bc2+ 1/2-1/2